[Event "Team Championship (women blitz)"]
[Site "Sochi"]
[Date "2017.10.05"]
[Round "3.10"]
[White "Nebolsina, Vera"]
[Black "Charochkina, Daria"]
[Result "0-1"]
[LiveChessVersion "1.4.8"]
[BlackElo "2458"]
[WhiteElo "2176"]

1. e4 {[%clk 0:03:02]} d5 {[%clk 0:03:03]} 2. exd5 {[%clk 0:03:02]} Qxd5
{[%clk 0:03:04]} 3. Nc3 {[%clk 0:03:03]} Qd6 {[%clk 0:03:05]} 4. d4
{[%clk 0:02:56]} Nf6 {[%clk 0:03:06]} 5. Be3 {[%clk 0:02:49]} g6 {[%clk 0:02:57]}
6. Qd2 {[%clk 0:02:48]} Bg7 {[%clk 0:02:51]} 7. Be2 {[%clk 0:02:43]} a6
{[%clk 0:02:48]} 8. Nf3 {[%clk 0:02:37]} O-O {[%clk 0:02:42]} 9. Ne5
{[%clk 0:02:36]} Nc6 {[%clk 0:02:40]} 10. Nxc6 {[%clk 0:02:29]} Qxc6
{[%clk 0:02:39]} 11. Bf3 Qb6 {[%clk 0:02:20]} 12. O-O-O {[%clk 0:02:20]} Bg4
{[%clk 0:02:11]} 13. Bxg4 {[%clk 0:01:56]} Nxg4 {[%clk 0:02:12]} 14. Bg5
{[%clk 0:01:54]} Rfd8 {[%clk 0:02:02]} 15. d5 {[%clk 0:01:20]} Qxf2
{[%clk 0:01:27]} 16. h3 {[%clk 0:01:07]} Qxd2+ {[%clk 0:01:21]} 17. Rxd2
{[%clk 0:01:08]} Nf6 {[%clk 0:01:11]} 18. Re1 {[%clk 0:01:09]} Rd7
{[%clk 0:01:12]} 19. Bxf6 {[%clk 0:00:55]} Bxf6 {[%clk 0:01:11]} 20. Ne4
{[%clk 0:00:56]} Kg7 {[%clk 0:01:02]} 21. c4 {[%clk 0:00:55]} b6 {[%clk 0:00:59]}
22. g4 {[%clk 0:00:55]} Bh4 {[%clk 0:00:55]} 23. Rf1 {[%clk 0:00:48]} Rad8
{[%clk 0:00:42]} 24. Rd3 {[%clk 0:00:39]} e6 {[%clk 0:00:37]} 25. Rdf3
{[%clk 0:00:40]} exd5 {[%clk 0:00:36]} 26. cxd5 {[%clk 0:00:41]} Rf8
{[%clk 0:00:28]} 27. Nc3 {[%clk 0:00:42]} b5 {[%clk 0:00:25]} 28. a3
{[%clk 0:00:43]} a5 {[%clk 0:00:24]} 29. Nxb5 {[%clk 0:00:33]} Rxd5
{[%clk 0:00:25]} 30. Nc3 {[%clk 0:00:35]} Re5 {[%clk 0:00:22]} 31. Kc2
{[%clk 0:00:35]} f5 {[%clk 0:00:18]} 32. gxf5 {[%clk 0:00:24]} Rfxf5
{[%clk 0:00:19]} 33. Rxf5 {[%clk 0:00:20]} gxf5 {[%clk 0:00:20]} 34. Rd1
{[%clk 0:00:19]} Re7 {[%clk 0:00:14]} 35. Nd5 {[%clk 0:00:18]} Re2+
{[%clk 0:00:15]} 36. Kb3 {[%clk 0:00:19]} Rh2 {[%clk 0:00:14]} 37. Nf4
{[%clk 0:00:18]} Kf6 {[%clk 0:00:10]} 38. Rd7 {[%clk 0:00:16]} Kg5
{[%clk 0:00:09]} 39. Ne6+ {[%clk 0:00:15]} Kf6 {[%clk 0:00:11]} 40. Nf4
{[%clk 0:00:16]} Ke5 {[%clk 0:00:06]} 41. Nd3+ {[%clk 0:00:17]} Ke4
{[%clk 0:00:07]} 42. Nc5+ {[%clk 0:00:18]} Ke3 {[%clk 0:00:08]} 43. Ka4
{[%clk 0:00:18]} f4 {[%clk 0:00:08]} 44. Kxa5 {[%clk 0:00:17]} f3 45. Rd3+
{[%clk 0:00:16]} Ke2 {[%clk 0:00:10]} 46. Rd4 {[%clk 0:00:13]} Bf2
{[%clk 0:00:07]} 47. Re4+ {[%clk 0:00:13]} Be3 {[%clk 0:00:08]} 48. Nb3
{[%clk 0:00:13]} f2 {[%clk 0:00:09]} 49. Nd4+ {[%clk 0:00:14]} Kd3
{[%clk 0:00:10]} 50. Nf5 {[%clk 0:00:12]} Kxe4 {[%clk 0:00:10]} 51. Ng3+
{[%clk 0:00:12]} Kf3 {[%clk 0:00:12]} 52. Nf1 {[%clk 0:00:14]} Rh1
{[%clk 0:00:13]} 0-1

[Event "Team Championship (women blitz)"]
[Site "Sochi"]
[Date "2017.10.05"]
[Round "3.11"]
[White "Potapova, Margarita"]
[Black "Shafigullina, Zarina"]
[Result "0-1"]
[LiveChessVersion "1.4.8"]
[BlackElo "2041"]
[WhiteElo "2031"]

1. d4 {[%clk 0:03:02]} Nf6 {[%clk 0:03:03]} 2. c4 {[%clk 0:03:03]} e6
{[%clk 0:03:05]} 3. Nf3 {[%clk 0:03:04]} b6 {[%clk 0:03:06]} 4. a3
{[%clk 0:03:05]} Bb7 {[%clk 0:03:07]} 5. Nc3 {[%clk 0:03:07]} d5 {[%clk 0:03:00]}
6. cxd5 {[%clk 0:03:04]} exd5 {[%clk 0:03:00]} 7. Bg5 {[%clk 0:03:04]} Nbd7
{[%clk 0:02:59]} 8. Qa4 {[%clk 0:03:00]} Be7 {[%clk 0:02:53]} 9. e3
{[%clk 0:02:56]} O-O {[%clk 0:02:41]} 10. Bb5 {[%clk 0:02:38]} c5
{[%clk 0:02:27]} 11. Ne5 {[%clk 0:01:52]} Nxe5 {[%clk 0:02:20]} 12. dxe5
{[%clk 0:01:53]} Ne4 {[%clk 0:02:09]} 13. Bxe7 {[%clk 0:01:44]} Qxe7
{[%clk 0:02:10]} 14. Nxe4 {[%clk 0:00:54]} dxe4 {[%clk 0:02:11]} 15. Bc6
{[%clk 0:00:48]} Bxc6 16. Qxc6 {[%clk 0:00:49]} Qxe5 {[%clk 0:02:11]} 17. O-O
{[%clk 0:00:45]} Rac8 {[%clk 0:01:37]} 18. Qb5 {[%clk 0:00:46]} h6
{[%clk 0:01:21]} 19. a4 {[%clk 0:00:47]} Qf6 {[%clk 0:01:12]} 20. a5
{[%clk 0:00:41]} Rfd8 {[%clk 0:00:58]} 21. axb6 {[%clk 0:00:37]} axb6
{[%clk 0:00:53]} 22. Ra6 {[%clk 0:00:31]} Rb8 23. Ra7 {[%clk 0:00:27]} Rd2
{[%clk 0:00:46]} 24. b3 {[%clk 0:00:24]} Rbd8 {[%clk 0:00:29]} 25. Qc4
{[%clk 0:00:21]} Rd1 {[%clk 0:00:22]} 26. Rb7 {[%clk 0:00:09]} Rxf1+
{[%clk 0:00:14]} 27. Qxf1 {[%clk 0:00:10]} Qc6 {[%clk 0:00:12]} 28. Ra7
{[%clk 0:00:08]} Rd7 {[%clk 0:00:13]} 29. Ra4 {[%clk 0:00:08]} b5
{[%clk 0:00:12]} 30. Ra1 {[%clk 0:00:09]} c4 {[%clk 0:00:11]} 31. bxc4
{[%clk 0:00:09]} bxc4 {[%clk 0:00:12]} 32. Rc1 {[%clk 0:00:08]} c3
{[%clk 0:00:13]} 33. g3 {[%clk 0:00:07]} Rd2 {[%clk 0:00:11]} 34. Qe1
{[%clk 0:00:07]} Qc4 {[%clk 0:00:08]} 35. Kg2 {[%clk 0:00:07]} Qd3
{[%clk 0:00:08]} 36. h4 {[%clk 0:00:08]} c2 {[%clk 0:00:09]} 37. h5
{[%clk 0:00:03]} Rd1 {[%clk 0:00:10]} 0-1

[Event "Team Championship (women blitz)"]
[Site "Sochi"]
[Date "2017.10.05"]
[Round "3.12"]
[White "Markelova, Lubov"]
[Black "Gritsayeva, Oksana"]
[Result "0-1"]
[LiveChessVersion "1.4.8"]
[BlackElo "2216"]
[WhiteElo "2068"]

1. Nf3 {[%clk 0:03:03]} c5 {[%clk 0:03:03]} 2. c4 {[%clk 0:03:04]} b6
{[%clk 0:03:00]} 3. g3 {[%clk 0:03:06]} Bb7 {[%clk 0:03:01]} 4. Bg2
{[%clk 0:03:08]} Nf6 {[%clk 0:03:01]} 5. O-O {[%clk 0:03:07]} e6 {[%clk 0:03:02]}
6. Nc3 {[%clk 0:03:08]} Be7 {[%clk 0:03:00]} 7. Re1 {[%clk 0:03:09]} Ne4
{[%clk 0:03:01]} 8. Nxe4 {[%clk 0:03:09]} Bxe4 {[%clk 0:03:02]} 9. d3
{[%clk 0:03:10]} Bb7 {[%clk 0:03:02]} 10. e4 {[%clk 0:03:11]} d6 {[%clk 0:03:00]}
11. d4 {[%clk 0:03:10]} cxd4 {[%clk 0:02:58]} 12. Nxd4 {[%clk 0:03:11]} O-O
{[%clk 0:02:54]} 13. b3 {[%clk 0:02:53]} a6 {[%clk 0:02:49]} 14. Ba3
{[%clk 0:02:53]} Qc7 {[%clk 0:02:39]} 15. Rc1 {[%clk 0:02:51]} Nd7
{[%clk 0:02:39]} 16. Bb4 {[%clk 0:02:21]} Rfe8 {[%clk 0:02:26]} 17. Qd2
{[%clk 0:02:18]} Ne5 {[%clk 0:02:13]} 18. a4 {[%clk 0:02:02]} Rac8
{[%clk 0:01:52]} 19. a5 {[%clk 0:01:53]} h6 {[%clk 0:01:44]} 20. axb6
{[%clk 0:01:44]} Qxb6 {[%clk 0:01:45]} 21. Ba5 {[%clk 0:01:41]} Qa7
{[%clk 0:01:44]} 22. Ra1 {[%clk 0:01:24]} Bf6 {[%clk 0:01:33]} 23. Bc3
{[%clk 0:01:17]} Qc5 {[%clk 0:01:27]} 24. Bb4 {[%clk 0:01:12]} Qc7
{[%clk 0:01:18]} 25. Ba5 {[%clk 0:00:54]} Qb8 {[%clk 0:01:18]} 26. Rad1
{[%clk 0:00:50]} Ba8 {[%clk 0:01:09]} 27. h3 {[%clk 0:00:41]} Nc6
{[%clk 0:00:48]} 28. Nxc6 {[%clk 0:00:40]} Bxc6 {[%clk 0:00:49]} 29. Qb4
{[%clk 0:00:29]} Be7 {[%clk 0:00:43]} 30. Qc3 {[%clk 0:00:20]} Qb7
{[%clk 0:00:40]} 31. Qe3 {[%clk 0:00:18]} Bg5 {[%clk 0:00:34]} 32. f4
{[%clk 0:00:15]} Be7 {[%clk 0:00:35]} 33. Kh2 {[%clk 0:00:17]} Rb8
{[%clk 0:00:31]} 34. Rb1 {[%clk 0:00:17]} Bf8 {[%clk 0:00:17]} 35. Bc3
{[%clk 0:00:18]} d5 {[%clk 0:00:14]} 36. cxd5 exd5 {[%clk 0:00:14]} 37. Bd4
{[%clk 0:00:08]} dxe4 {[%clk 0:00:13]} 38. b4 {[%clk 0:00:06]} Qb5
{[%clk 0:00:09]} 39. Qf2 {[%clk 0:00:00]} f5 {[%clk 0:00:09]} 0-1

[Event "Team Championship (women blitz)"]
[Site "Sochi"]
[Date "2017.10.05"]
[Round "4.1"]
[White "Bodnaruk, Anastasia"]
[Black "Ubiennykh, Ekaterina"]
[Result "1-0"]
[LiveChessVersion "1.4.8"]
[BlackElo "2364"]
[WhiteElo "2439"]

1. e4 {[%clk 0:03:03]} c6 {[%clk 0:03:03]} 2. d4 {[%clk 0:03:04]} d5
{[%clk 0:03:05]} 3. e5 {[%clk 0:03:06]} c5 {[%clk 0:03:06]} 4. dxc5
{[%clk 0:03:05]} Nc6 {[%clk 0:03:07]} 5. a3 {[%clk 0:03:06]} Nxe5
{[%clk 0:02:58]} 6. b4 {[%clk 0:02:59]} Nf6 {[%clk 0:02:46]} 7. Bb2
{[%clk 0:02:55]} Nc6 {[%clk 0:02:43]} 8. Nf3 {[%clk 0:02:53]} Bg4
{[%clk 0:02:40]} 9. Be2 {[%clk 0:02:34]} e6 {[%clk 0:02:40]} 10. O-O
{[%clk 0:02:33]} Be7 {[%clk 0:02:41]} 11. Nbd2 {[%clk 0:02:24]} O-O
{[%clk 0:02:41]} 12. Ne5 {[%clk 0:02:21]} Nxe5 {[%clk 0:02:16]} 13. Bxe5
{[%clk 0:02:22]} Bf5 {[%clk 0:02:12]} 14. Nb3 {[%clk 0:02:14]} Ne4
{[%clk 0:02:01]} 15. f3 {[%clk 0:02:06]} Nf6 {[%clk 0:01:51]} 16. Bb2
{[%clk 0:02:04]} Rc8 {[%clk 0:01:45]} 17. Bd3 {[%clk 0:02:02]} Bg6
{[%clk 0:01:41]} 18. Qe2 {[%clk 0:01:56]} Nd7 {[%clk 0:01:37]} 19. f4
{[%clk 0:01:54]} Re8 {[%clk 0:01:27]} 20. Qf2 {[%clk 0:01:42]} Bf6
{[%clk 0:01:03]} 21. Nd4 {[%clk 0:01:42]} Bxd3 {[%clk 0:00:47]} 22. cxd3
{[%clk 0:01:44]} b6 {[%clk 0:00:39]} 23. c6 {[%clk 0:01:40]} Nf8 {[%clk 0:00:30]}
24. b5 {[%clk 0:01:38]} Ng6 {[%clk 0:00:20]} 25. a4 {[%clk 0:01:30]} e5
{[%clk 0:00:17]} 26. fxe5 {[%clk 0:01:28]} Nxe5 {[%clk 0:00:18]} 27. Qg3
{[%clk 0:01:22]} Ng6 {[%clk 0:00:12]} 28. Kh1 {[%clk 0:00:55]} Be5
{[%clk 0:00:11]} 29. Qf3 {[%clk 0:00:53]} Rc7 {[%clk 0:00:06]} 30. g3
{[%clk 0:00:33]} Qg5 {[%clk 0:00:06]} 31. Qxd5 {[%clk 0:00:23]} Rd8
{[%clk 0:00:07]} 32. Qe4 {[%clk 0:00:22]} Qd2 {[%clk 0:00:06]} 33. Rab1
{[%clk 0:00:18]} Re7 {[%clk 0:00:07]} 34. Nf5 {[%clk 0:00:15]} Re6
{[%clk 0:00:08]} 35. Bxe5 {[%clk 0:00:12]} Nxe5 {[%clk 0:00:07]} 36. c7
{[%clk 0:00:09]} Rc8 {[%clk 0:00:07]} 37. Qb7 {[%clk 0:00:10]} Ree8
{[%clk 0:00:06]} 38. Ne7+ {[%clk 0:00:09]} Kh8 {[%clk 0:00:06]} 39. Nxc8
{[%clk 0:00:10]} Nxd3 {[%clk 0:00:06]} 40. Nd6 {[%clk 0:00:07]} Nf2+
{[%clk 0:00:03]} 41. Rxf2 {[%clk 0:00:08]} Qxd6 {[%clk 0:00:04]} 42. c8=Q
{[%clk 0:00:07]} 1-0

[Event "Team Championship (women blitz)"]
[Site "Sochi"]
[Date "2017.10.05"]
[Round "4.2"]
[White "Bivol, Alina"]
[Black "Ovod, Evgenija"]
[Result "1/2-1/2"]
[LiveChessVersion "1.4.8"]
[BlackElo "2191"]
[WhiteElo "2308"]

1. Nf3 {[%clk 0:03:03]} d5 {[%clk 0:03:03]} 2. g3 {[%clk 0:03:04]} c6
{[%clk 0:03:03]} 3. Bg2 {[%clk 0:03:06]} Nf6 {[%clk 0:03:04]} 4. d3
{[%clk 0:03:07]} Bg4 {[%clk 0:03:04]} 5. O-O {[%clk 0:03:06]} Nbd7
{[%clk 0:03:04]} 6. h3 {[%clk 0:03:07]} Bh5 {[%clk 0:03:04]} 7. Qe1
{[%clk 0:03:08]} e5 {[%clk 0:03:03]} 8. e4 {[%clk 0:03:10]} dxe4 {[%clk 0:03:02]}
9. dxe4 {[%clk 0:03:11]} Bc5 {[%clk 0:03:02]} 10. a4 {[%clk 0:03:12]} O-O
{[%clk 0:03:02]} 11. Na3 {[%clk 0:03:08]} a5 {[%clk 0:02:45]} 12. Nc4
{[%clk 0:03:02]} Qc7 {[%clk 0:02:46]} 13. Bd2 {[%clk 0:02:52]} b6
{[%clk 0:02:47]} 14. Nh4 {[%clk 0:02:53]} Rfe8 {[%clk 0:02:38]} 15. Nf5
{[%clk 0:02:50]} Rad8 {[%clk 0:02:34]} 16. Kh2 {[%clk 0:02:50]} Nf8
{[%clk 0:02:29]} 17. Bc3 {[%clk 0:02:46]} N6d7 {[%clk 0:02:20]} 18. f4
{[%clk 0:02:31]} f6 {[%clk 0:02:03]} 19. b4 {[%clk 0:02:16]} axb4
{[%clk 0:02:00]} 20. Bxb4 {[%clk 0:02:17]} exf4 {[%clk 0:01:50]} 21. gxf4
{[%clk 0:02:15]} Ne6 {[%clk 0:01:49]} 22. Bxc5 {[%clk 0:02:07]} Ndxc5
{[%clk 0:01:44]} 23. Qf2 {[%clk 0:01:46]} Bg6 {[%clk 0:01:28]} 24. Ng3
{[%clk 0:01:41]} Rd4 {[%clk 0:01:25]} 25. f5 {[%clk 0:01:12]} Rxc4
{[%clk 0:01:25]} 26. fxg6 {[%clk 0:01:12]} hxg6 {[%clk 0:01:25]} 27. Kh1
{[%clk 0:00:51]} Rxa4 {[%clk 0:01:17]} 28. Rxa4 {[%clk 0:00:45]} Nxa4
{[%clk 0:01:18]} 29. e5 {[%clk 0:00:40]} Qxe5 {[%clk 0:01:16]} 30. Bxc6
{[%clk 0:00:39]} Ng5 {[%clk 0:01:01]} 31. Bxa4 {[%clk 0:00:26]} Ne4
{[%clk 0:00:59]} 32. Bb3+ {[%clk 0:00:25]} Kf8 {[%clk 0:00:54]} 33. Nxe4
{[%clk 0:00:25]} Qxe4+ {[%clk 0:00:56]} 34. Qg2 {[%clk 0:00:26]} Qe3
{[%clk 0:00:53]} 35. Qf3 {[%clk 0:00:22]} Qc5 {[%clk 0:00:45]} 36. Qd5
{[%clk 0:00:22]} Qxd5+ {[%clk 0:00:36]} 37. Bxd5 {[%clk 0:00:23]} Re2
{[%clk 0:00:31]} 38. Bb3 {[%clk 0:00:22]} Ke7 {[%clk 0:00:31]} 39. Rd1
{[%clk 0:00:23]} g5 {[%clk 0:00:31]} 40. Rd5 {[%clk 0:00:21]} Re3
{[%clk 0:00:19]} 41. Kg2 {[%clk 0:00:21]} Rc3 {[%clk 0:00:19]} 42. Rb5
{[%clk 0:00:17]} Rc6 {[%clk 0:00:20]} 43. Rb4 {[%clk 0:00:14]} Rd6
{[%clk 0:00:17]} 44. Ra4 {[%clk 0:00:14]} f5 {[%clk 0:00:15]} 45. Ra7+
{[%clk 0:00:14]} Kf6 {[%clk 0:00:16]} 46. Kf3 {[%clk 0:00:14]} g6
{[%clk 0:00:12]} 47. Rf7+ {[%clk 0:00:13]} Ke5 {[%clk 0:00:14]} 48. Re7+
{[%clk 0:00:14]} Kf6 {[%clk 0:00:13]} 49. Rf7+ {[%clk 0:00:14]} Ke5
{[%clk 0:00:14]} 50. Rb7 {[%clk 0:00:13]} Kf6 {[%clk 0:00:10]} 51. Rf7+
{[%clk 0:00:14]} Ke5 {[%clk 0:00:11]} 52. Rg7 {[%clk 0:00:12]} Kf6
{[%clk 0:00:12]} 53. Rg8 {[%clk 0:00:13]} Rc6 {[%clk 0:00:08]} 54. Rf8+
{[%clk 0:00:14]} Ke5 {[%clk 0:00:09]} 55. Re8+ {[%clk 0:00:15]} Kf6
{[%clk 0:00:10]} 56. Rb8 {[%clk 0:00:13]} Rc3+ {[%clk 0:00:09]} 57. Kg2
{[%clk 0:00:15]} Rc6 {[%clk 0:00:10]} 58. Kf3 {[%clk 0:00:17]} Rc3+ 59. Kg2 Rc6
{[%clk 0:00:13]} 1/2-1/2

[Event "Team Championship (women blitz)"]
[Site "Sochi"]
[Date "2017.10.05"]
[Round "4.3"]
[White "Belenkaya, Dina"]
[Black "Tomilova, Elena"]
[Result "0-1"]
[LiveChessVersion "1.4.8"]
[BlackElo "2279"]
[WhiteElo "2204"]

1. e4 {[%clk 0:03:03]} d5 {[%clk 0:03:04]} 2. exd5 {[%clk 0:03:04]} Qxd5
{[%clk 0:03:05]} 3. Nf3 {[%clk 0:03:05]} Nf6 {[%clk 0:03:03]} 4. Be2
{[%clk 0:03:06]} Bg4 {[%clk 0:03:03]} 5. O-O {[%clk 0:03:06]} Qa5
{[%clk 0:02:52]} 6. h3 {[%clk 0:03:02]} Bh5 {[%clk 0:02:51]} 7. d4
{[%clk 0:03:02]} c6 {[%clk 0:02:42]} 8. c4 {[%clk 0:03:02]} e6 {[%clk 0:02:39]}
9. Nc3 {[%clk 0:03:03]} Nbd7 {[%clk 0:02:32]} 10. Bf4 {[%clk 0:03:03]} Be7
{[%clk 0:02:20]} 11. a3 {[%clk 0:02:48]} O-O {[%clk 0:02:10]} 12. b4
{[%clk 0:02:48]} Qd8 {[%clk 0:02:09]} 13. Qb3 {[%clk 0:02:48]} a6
{[%clk 0:02:03]} 14. a4 {[%clk 0:02:46]} Re8 {[%clk 0:01:54]} 15. a5
{[%clk 0:02:47]} Bf8 {[%clk 0:01:51]} 16. Rad1 {[%clk 0:02:43]} b5
{[%clk 0:01:41]} 17. axb6 {[%clk 0:02:37]} Qxb6 {[%clk 0:01:41]} 18. Rb1
{[%clk 0:02:20]} Bxf3 {[%clk 0:01:27]} 19. Bxf3 {[%clk 0:02:21]} e5
{[%clk 0:01:28]} 20. c5 {[%clk 0:01:37]} Qb7 {[%clk 0:01:23]} 21. dxe5
{[%clk 0:01:38]} Nxe5 {[%clk 0:01:23]} 22. Be2 {[%clk 0:01:37]} Ng6
{[%clk 0:01:19]} 23. Bg5 {[%clk 0:01:29]} Ne4 {[%clk 0:01:16]} 24. Nxe4
{[%clk 0:01:29]} Rxe4 {[%clk 0:01:16]} 25. Bf3 {[%clk 0:00:57]} Re5
{[%clk 0:01:13]} 26. Be3 {[%clk 0:00:56]} Rae8 {[%clk 0:00:59]} 27. Rfd1
{[%clk 0:00:56]} Nh4 {[%clk 0:00:56]} 28. Be2 {[%clk 0:00:52]} Nf5
{[%clk 0:00:55]} 29. Qc4 {[%clk 0:00:23]} Nxe3 {[%clk 0:00:50]} 30. fxe3
{[%clk 0:00:24]} Rxe3 {[%clk 0:00:47]} 31. Qxa6 {[%clk 0:00:24]} Qc7
{[%clk 0:00:42]} 32. Bf3 {[%clk 0:00:13]} Rxf3 {[%clk 0:00:41]} 33. gxf3
{[%clk 0:00:14]} Qg3+ {[%clk 0:00:42]} 34. Kh1 {[%clk 0:00:11]} Qxh3+
{[%clk 0:00:42]} 35. Kg1 {[%clk 0:00:12]} Qg3+ {[%clk 0:00:43]} 36. Kh1
{[%clk 0:00:13]} Qxf3+ {[%clk 0:00:42]} 37. Kg1 {[%clk 0:00:14]} Re4
{[%clk 0:00:33]} 38. Rd2 {[%clk 0:00:11]} Rg4+ {[%clk 0:00:32]} 39. Kh2
{[%clk 0:00:11]} Qg3+ {[%clk 0:00:31]} 40. Kh1 {[%clk 0:00:12]} Qh3+
{[%clk 0:00:32]} 41. Rh2 {[%clk 0:00:14]} Qf3+ {[%clk 0:00:34]} 42. Rg2
{[%clk 0:00:10]} Qxg2# {[%clk 0:00:34]} 0-1

[Event "Team Championship (women blitz)"]
[Site "Sochi"]
[Date "2017.10.05"]
[Round "4.4"]
[White "Travkina, Anastasia"]
[Black "Styazhkina, Anna"]
[Result "1-0"]
[LiveChessVersion "1.4.8"]
[BlackElo "2198"]
[WhiteElo "2099"]

1. e4 {[%clk 0:03:03]} e5 {[%clk 0:03:03]} 2. Nf3 {[%clk 0:03:04]} Nc6
{[%clk 0:03:02]} 3. Bc4 {[%clk 0:03:05]} Bc5 {[%clk 0:03:02]} 4. b4
{[%clk 0:03:06]} Bxb4 {[%clk 0:03:00]} 5. c3 {[%clk 0:03:07]} Be7
{[%clk 0:03:00]} 6. d4 {[%clk 0:03:01]} exd4 {[%clk 0:02:55]} 7. cxd4
{[%clk 0:02:53]} Na5 {[%clk 0:02:13]} 8. Bd3 {[%clk 0:02:46]} d5 {[%clk 0:02:02]}
9. e5 {[%clk 0:02:37]} Bb4+ {[%clk 0:00:57]} 10. Nbd2 {[%clk 0:02:29]} Nc6
{[%clk 0:00:56]} 11. O-O {[%clk 0:02:21]} Nge7 {[%clk 0:00:49]} 12. a3
{[%clk 0:02:11]} Bc3 {[%clk 0:00:49]} 13. Rb1 {[%clk 0:02:08]} O-O
{[%clk 0:00:41]} 14. Bxh7+ {[%clk 0:02:02]} Kxh7 {[%clk 0:00:42]} 15. Qc2+
{[%clk 0:01:50]} Bf5 {[%clk 0:00:41]} 16. Qxc3 {[%clk 0:01:50]} Bxb1
{[%clk 0:00:40]} 17. Nxb1 {[%clk 0:01:49]} Qd7 {[%clk 0:00:37]} 18. Ng5+
{[%clk 0:01:45]} Kg8 {[%clk 0:00:38]} 19. f4 {[%clk 0:01:44]} Qf5
{[%clk 0:00:32]} 20. Nd2 {[%clk 0:01:40]} f6 {[%clk 0:00:13]} 21. Nh3
{[%clk 0:01:34]} Ng6 {[%clk 0:00:11]} 22. Nb3 {[%clk 0:01:21]} fxe5
{[%clk 0:00:11]} 23. dxe5 {[%clk 0:01:16]} Ngxe5 {[%clk 0:00:09]} 24. Nc5
{[%clk 0:00:50]} d4 {[%clk 0:00:07]} 25. Qb3+ {[%clk 0:00:48]} Nf7
{[%clk 0:00:04]} 26. Ne6 {[%clk 0:00:45]} Na5 {[%clk 0:00:03]} 27. Qa2
{[%clk 0:00:45]} Rfc8 {[%clk 0:00:00]} 28. Nhg5 {[%clk 0:00:45]} c5
{[%clk 0:00:00]} 1-0

[Event "Team Championship (women blitz)"]
[Site "Sochi"]
[Date "2017.10.05"]
[Round "4.5"]
[White "Vasilevich, Tatjana"]
[Black "Garifullina, Leya"]
[Result "0-1"]
[LiveChessVersion "1.4.8"]
[BlackElo "1872"]
[WhiteElo "2229"]

1. d4 {[%clk 0:03:03]} Nf6 {[%clk 0:03:02]} 2. c4 {[%clk 0:03:04]} e6
{[%clk 0:03:03]} 3. Nc3 {[%clk 0:03:05]} Bb4 {[%clk 0:03:04]} 4. Qc2
{[%clk 0:03:06]} d5 {[%clk 0:03:05]} 5. Bg5 {[%clk 0:03:05]} dxc4
{[%clk 0:02:49]} 6. e3 {[%clk 0:03:03]} b5 {[%clk 0:02:50]} 7. a4
{[%clk 0:02:46]} c6 {[%clk 0:02:51]} 8. Nf3 {[%clk 0:02:44]} Bb7 {[%clk 0:02:39]}
9. Be2 {[%clk 0:02:43]} a6 {[%clk 0:02:40]} 10. O-O {[%clk 0:02:43]} Nbd7
{[%clk 0:02:32]} 11. e4 {[%clk 0:02:41]} h6 {[%clk 0:02:30]} 12. Bh4
{[%clk 0:02:42]} g5 {[%clk 0:02:28]} 13. Bg3 {[%clk 0:02:41]} Nh5
{[%clk 0:02:12]} 14. Rad1 {[%clk 0:02:33]} Nxg3 {[%clk 0:02:07]} 15. fxg3
{[%clk 0:02:28]} Qe7 {[%clk 0:01:18]} 16. Kh1 {[%clk 0:02:11]} O-O-O
{[%clk 0:01:11]} 17. b3 {[%clk 0:01:54]} cxb3 {[%clk 0:00:53]} 18. Qxb3
{[%clk 0:01:55]} Kb8 {[%clk 0:00:52]} 19. Rb1 {[%clk 0:01:47]} Bxc3
{[%clk 0:00:36]} 20. Qxc3 {[%clk 0:01:48]} f6 {[%clk 0:00:17]} 21. Rfc1
{[%clk 0:01:29]} Rc8 {[%clk 0:00:10]} 22. Nd2 {[%clk 0:01:18]} f5
{[%clk 0:00:06]} 23. e5 {[%clk 0:00:57]} Nb6 {[%clk 0:00:06]} 24. axb5
{[%clk 0:00:42]} cxb5 {[%clk 0:00:07]} 25. Qa5 {[%clk 0:00:43]} Rxc1+
{[%clk 0:00:05]} 26. Rxc1 {[%clk 0:00:44]} Rc8 {[%clk 0:00:05]} 27. Rb1
{[%clk 0:00:33]} Qc7 {[%clk 0:00:06]} 28. Nb3 {[%clk 0:00:24]} Nd5
{[%clk 0:00:07]} 29. Qd2 {[%clk 0:00:12]} Qc3 {[%clk 0:00:08]} 30. Qxc3
{[%clk 0:00:05]} Nxc3 {[%clk 0:00:09]} 31. Rc1 {[%clk 0:00:00]} 0-1

[Event "Team Championship (women blitz)"]
[Site "Sochi"]
[Date "2017.10.05"]
[Round "4.7"]
[White "Potapova, Margarita"]
[Black "Chekletsova, Darya"]
[Result "1-0"]
[LiveChessVersion "1.4.8"]
[BlackElo "1383"]
[WhiteElo "2031"]

1. d4 {[%clk 0:03:04]} d5 {[%clk 0:03:03]} 2. c4 {[%clk 0:03:05]} e6
{[%clk 0:03:04]} 3. Nc3 {[%clk 0:03:06]} Nf6 {[%clk 0:03:05]} 4. cxd5
{[%clk 0:03:07]} exd5 {[%clk 0:03:06]} 5. Bg5 {[%clk 0:03:08]} Be7
{[%clk 0:03:07]} 6. e3 {[%clk 0:03:09]} O-O {[%clk 0:03:08]} 7. Bd3
{[%clk 0:03:10]} Nbd7 {[%clk 0:03:06]} 8. Nge2 {[%clk 0:03:08]} h6
{[%clk 0:03:07]} 9. Bh4 {[%clk 0:03:09]} b6 {[%clk 0:03:08]} 10. O-O
{[%clk 0:03:03]} Bb7 {[%clk 0:03:09]} 11. Qa4 {[%clk 0:02:57]} a6
{[%clk 0:02:41]} 12. Rac1 {[%clk 0:02:45]} b5 {[%clk 0:02:41]} 13. Qc2
{[%clk 0:02:45]} Rc8 {[%clk 0:02:38]} 14. Bf5 {[%clk 0:02:35]} c5
{[%clk 0:02:03]} 15. dxc5 {[%clk 0:02:36]} Rxc5 {[%clk 0:01:58]} 16. Qb1
{[%clk 0:02:37]} Ne4 {[%clk 0:01:39]} 17. Nxe4 {[%clk 0:02:19]} dxe4
{[%clk 0:01:35]} 18. Bxe7 {[%clk 0:02:00]} Qxe7 {[%clk 0:01:36]} 19. Bxd7
{[%clk 0:01:58]} Rxc1 {[%clk 0:01:36]} 20. Rxc1 {[%clk 0:01:56]} Qxd7
{[%clk 0:01:36]} 21. Nd4 {[%clk 0:01:56]} Rc8 {[%clk 0:01:31]} 22. h3
{[%clk 0:01:53]} Qd5 {[%clk 0:01:20]} 23. b3 {[%clk 0:01:45]} Qd7
{[%clk 0:01:09]} 24. Qb2 {[%clk 0:01:38]} Rxc1+ {[%clk 0:01:02]} 25. Qxc1
{[%clk 0:01:39]} Qd6 {[%clk 0:01:03]} 26. Qc3 {[%clk 0:01:32]} Kh7
{[%clk 0:00:57]} 27. Qc2 {[%clk 0:01:12]} Qb4 {[%clk 0:00:54]} 28. Kh2
{[%clk 0:01:00]} Qd6+ {[%clk 0:00:54]} 29. g3 {[%clk 0:00:56]} Qf6
{[%clk 0:00:53]} 30. Kg2 {[%clk 0:00:55]} Qd6 {[%clk 0:00:46]} 31. Qc3
{[%clk 0:00:54]} Qf6 {[%clk 0:00:42]} 32. Qc7 {[%clk 0:00:49]} Ba8
{[%clk 0:00:31]} 33. Qc5 {[%clk 0:00:48]} Bb7 {[%clk 0:00:28]} 34. Qc7
{[%clk 0:00:44]} Ba8 {[%clk 0:00:29]} 35. Qa7 {[%clk 0:00:44]} Bd5
{[%clk 0:00:24]} 36. Qc5 {[%clk 0:00:43]} Ba8 {[%clk 0:00:25]} 37. a4
{[%clk 0:00:39]} bxa4 {[%clk 0:00:25]} 38. bxa4 Bb7 {[%clk 0:00:14]} 39. a5
{[%clk 0:00:41]} Ba8 {[%clk 0:00:15]} 40. Qc8 {[%clk 0:00:39]} Bd5
{[%clk 0:00:14]} 41. Qc5 {[%clk 0:00:37]} Bb7 {[%clk 0:00:14]} 42. Qc7
{[%clk 0:00:26]} Ba8 {[%clk 0:00:15]} 43. Qa7 {[%clk 0:00:27]} Bd5
{[%clk 0:00:16]} 44. Qc5 {[%clk 0:00:28]} Ba8 {[%clk 0:00:16]} 45. Kf1
{[%clk 0:00:18]} Bb7 {[%clk 0:00:13]} 46. Ke2 {[%clk 0:00:16]} g6
{[%clk 0:00:13]} 47. Kf1 {[%clk 0:00:15]} Ba8 48. Kg2 Bb7 {[%clk 0:00:13]} 49.
Qc7 {[%clk 0:00:18]} Ba8 {[%clk 0:00:14]} 50. Qc4 {[%clk 0:00:17]} Bb7
{[%clk 0:00:13]} 51. Qb4 {[%clk 0:00:16]} Ba8 {[%clk 0:00:13]} 52. Qf8
{[%clk 0:00:16]} Bd5 {[%clk 0:00:13]} 53. Qc8 {[%clk 0:00:12]} Be6
{[%clk 0:00:08]} 54. Qc6 {[%clk 0:00:09]} Bf5 {[%clk 0:00:06]} 55. Qxf6
{[%clk 0:00:10]} 1-0